Italia romantica (Record n. 102550)

Dettagli MARC
000 -LEADER
fixed length control field 03300njm a2200553Ia 4500
001 - CONTROL NUMBER
control field 24270
003 - CONTROL NUMBER IDENTIFIER
control field IT-RoPAU
005 - DATE AND TIME OF LATEST TRANSACTION
control field 20220918181156.0
008 - FIXED-LENGTH DATA ELEMENTS--GENERAL INFORMATION
fixed length control field 131025s9999 xx 000 0 und d
040 ## - CATALOGING SOURCE
Original cataloging agency IT-RoPAU
040 ## - CATALOGING SOURCE
Transcribing agency IT-RoPAU
999 ## - SYSTEM CONTROL NUMBERS (KOHA)
Koha Dewey Subclass [OBSOLETE] n.d.
100 ## - MAIN ENTRY--PERSONAL NAME
Personal name AA.VV.
9 (RLIN) 794
100 ## - MAIN ENTRY--PERSONAL NAME
Relator term Autore musica
9 (RLIN) 9913
100 ## - MAIN ENTRY--PERSONAL NAME
Miscellaneous information Codice autore musica SPICS: 12000
9 (RLIN) 796
245 ## - TITLE STATEMENT
Title Italia romantica
250 ## - EDITION STATEMENT
Edition statement 1a ed.
260 ## - PUBLICATION, DISTRIBUTION, ETC. (IMPRINT)
Place of publication, distribution, etc. ITALIA
260 ## - PUBLICATION, DISTRIBUTION, ETC. (IMPRINT)
Name of publisher, distributor, etc. EMI - LA VOCE DEL PADRONE
Date of publication, distribution, etc. 1966 [1a Ed.:1966 - Ed. Lingua Orig.: 1966]
300 ## - PHYSICAL DESCRIPTION
Extent DISCO
300 ## - PHYSICAL DESCRIPTION
Dimensions 29 minuti (Testo: pag.)
500 ## - GENERAL NOTE
General note Arrangiamento di brani di musica leggera e popolare italiana.
505 ## - FORMATTED CONTENTS NOTE
Formatted contents note Tornerai (3:00) - Grazie dei fiori (3:00) - Anema e core (3:00) - Addormentarmi così (3:00) - Fiorin fiorello (2:00) - Ciribiribin (2:00) - Arrivederci Roma (3:00) - Come sinfonia (3:00) - 'O sole mio (3:00) - Chitarra romana (3:00) - Concerto d'autunno (3:00) - Piove (3:00)
511 ## - PARTICIPANT OR PERFORMER NOTE
Participant or performer note Franck Pourcel e la sua Grande Orchestra
650 ## - SUBJECT ADDED ENTRY--TOPICAL TERM
Topical term or geographic name as entry element ARRANGIAMENTO [DISCHI]
Relator term Codice MATERIA SPICS: 9950
9 (RLIN) 9914
700 ## - ADDED ENTRY--PERSONAL NAME
Personal name Pourcel Franck
Miscellaneous information Codice interprete SPICS: 11079
Relator term Interprete
9 (RLIN) 9915
700 ## - ADDED ENTRY--PERSONAL NAME
Personal name Olivieri Dino
Miscellaneous information Codice autore musica SPICS: 13481
Relator term Autore musica
Name of part/section of a work Tornerai
9 (RLIN) 9916
700 ## - ADDED ENTRY--PERSONAL NAME
Personal name Rastelli Nino
Miscellaneous information Codice autore SPICS: 13482
Relator term Autore
Name of part/section of a work Tornerai
9 (RLIN) 9917
700 ## - ADDED ENTRY--PERSONAL NAME
Personal name Panzeri Mario
Miscellaneous information Codice autore musica SPICS: 13372
Relator term Autore musica
Name of part/section of a work Grazie dei fiori
9 (RLIN) 9918
700 ## - ADDED ENTRY--PERSONAL NAME
Personal name Testoni Giancarlo
Miscellaneous information Codice autore SPICS: 13524
Relator term Autore
Name of part/section of a work Grazie dei fiori
9 (RLIN) 9919
700 ## - ADDED ENTRY--PERSONAL NAME
Personal name Seracini Saverio
Miscellaneous information Codice autore testo/musica SPICS: 13607
Relator term Autore testo/musica
Name of part/section of a work Grazie dei fiori
9 (RLIN) 9920
700 ## - ADDED ENTRY--PERSONAL NAME
Personal name D'Esposito S.
Miscellaneous information Codice autore musica SPICS: 14017
Relator term Autore musica
Name of part/section of a work Anema e core
9 (RLIN) 9921
700 ## - ADDED ENTRY--PERSONAL NAME
Personal name Manlio Tito
Miscellaneous information Codice autore SPICS: 13497
Relator term Autore
Name of part/section of a work Anema e core
9 (RLIN) 9922
700 ## - ADDED ENTRY--PERSONAL NAME
Personal name Mascheroni Vittorio
Miscellaneous information Codice autore musica SPICS: 13134
Relator term Autore musica
Name of part/section of a work Addormentarmi così - Fiorin fiorello
9 (RLIN) 9923
700 ## - ADDED ENTRY--PERSONAL NAME
Personal name Biri (Ferrari Ornella)
Miscellaneous information Codice autore SPICS: 13608
Relator term Autore
Name of part/section of a work Addormentarmi così
9 (RLIN) 9924
700 ## - ADDED ENTRY--PERSONAL NAME
Personal name Mendes Peppino
Miscellaneous information Codice autore SPICS: 13135
Relator term Autore
Name of part/section of a work Fiorin fiorello
9 (RLIN) 9925
700 ## - ADDED ENTRY--PERSONAL NAME
Personal name Pestalozza Alberto
Miscellaneous information Codice autore musica SPICS: 13387
Relator term Autore musica
Name of part/section of a work Ciribiribin
9 (RLIN) 9926
700 ## - ADDED ENTRY--PERSONAL NAME
Personal name Giovannini Sandro
Miscellaneous information Codice autore musica SPICS: 13634
Relator term Autore musica
Name of part/section of a work Arrivederci Roma
9 (RLIN) 9927
700 ## - ADDED ENTRY--PERSONAL NAME
Personal name Garinei Pietro
Miscellaneous information Codice autore SPICS: 13576
Relator term Autore
Name of part/section of a work Arrivederci Roma
9 (RLIN) 9928
700 ## - ADDED ENTRY--PERSONAL NAME
Personal name Rascel Renato
Miscellaneous information Codice autore testo/musica SPICS: 13602
Relator term Autore testo/musica
Name of part/section of a work Arrivederci Roma
9 (RLIN) 9929
700 ## - ADDED ENTRY--PERSONAL NAME
Personal name Donaggio Pino
Miscellaneous information Codice autore musica SPICS: 13658
Relator term Autore musica
Name of part/section of a work Come sinfonia
9 (RLIN) 9930
700 ## - ADDED ENTRY--PERSONAL NAME
Personal name Capurro Giovanni
Miscellaneous information Codice autore musica SPICS: 13137
Relator term Autore musica
Name of part/section of a work 'O sole mio
9 (RLIN) 9931
700 ## - ADDED ENTRY--PERSONAL NAME
Personal name Di Capua Edoardo
Miscellaneous information Codice autore SPICS: 13138
Relator term Autore
Name of part/section of a work 'O sole mio
9 (RLIN) 9932
700 ## - ADDED ENTRY--PERSONAL NAME
Personal name Di Lazzaro Eldo
Miscellaneous information Codice autore musica SPICS: 13500
Relator term Autore musica
Name of part/section of a work Chitarra romana
9 (RLIN) 9933
700 ## - ADDED ENTRY--PERSONAL NAME
Personal name Bruno C.
Miscellaneous information Codice autore SPICS: 13502
Relator term Autore
Name of part/section of a work Chitarra romana
9 (RLIN) 9934
700 ## - ADDED ENTRY--PERSONAL NAME
Personal name Bargoni
Miscellaneous information Codice autore musica SPICS: 15602
Relator term Autore musica
Name of part/section of a work Concerto d'autunno
9 (RLIN) 9935
700 ## - ADDED ENTRY--PERSONAL NAME
Personal name Modugno Domenico
Miscellaneous information Codice autore musica SPICS: 12142
Relator term Autore musica
Name of part/section of a work Piove
9 (RLIN) 9936
942 ## - ADDED ENTRY ELEMENTS (KOHA)
Koha item type DISCHI
Source of classification or shelving scheme Dewey Decimal Classification
Dati di copia
Withdrawn status Lost status Damaged status Not for loan Home library Current library Date acquired Total Checkouts Full call number Date last seen Price effective from Koha item type Public note
    Buone Condizioni Not For Loan SPICS-MEDIATECA SPICS-MEDIATECA 25/10/2013   24270 25/10/2013 25/10/2013 DISCHI Progr. Ins.: 5117 / N.Vol.: 1 / Copie: 1 - Copia rara: n.d. / date import: 01.01.2014 - By Epidotti, Trombetti, Vaglietti
CREDITS: SOCIETA' SAN PAOLO Via A.Severo, 58 - ROMA (RM) & PERIODICI SAN PAOLO SRL Via Giotto, 36 MILANO & CISF Via Giotto, 36 MILANO & EDIZIONI SAN PAOLO SRL,  Piazza Soncino, 5 CINISELLO BALSAMO (MI) -- ITALY